Statistics for Artists That Have Worked with Justin Timberlake

Click here to take the quiz!

General Stats

  • This quiz has been taken 7 times
  • The average score is 10 of 27

Answer Stats

Artist% Correct
T.I.
100%
Jay-Z
83%
Madonna
67%
Pharrell Williams
67%
Snoop Dogg
67%
Timbaland
67%
50 Cent
50%
Calvin Harris
50%
Halsey
50%
Nelly Furtado
50%
Charlie Wilson
33%
Chris Stapleton
33%
Jack Harlow
33%
Michael Jackson
33%
Nelly
33%
SZA
33%
The Lonely Island
33%
Anderson.Paak
17%
Ciara
17%
Esmee Denters
17%
Meek Mill
17%
Rihanna
17%
Ant Clemons
0%
Coco Jones
0%
Foo Fighters
0%
FreeSol
0%
Romeo Santos
0%

Score Distribution

Percentile by Number Answered

Percent of People with Each Score

Your Score History

You have not taken this quiz